000 00515nam a2200181Ia 4500
999 _c21292
_d21292
003 OSt
005 20200625100140.0
008 190216s9999||||xx |||||||||||||| ||und||
020 _a9788189886127
040 _coclc
082 _a954.02
_bBAR/F
100 _aBarman, Rup Kumar
_93218
245 0 _aFrom Tribalism To State /
_cRup Kumar Barman
260 _bAbhijeet Publications,
_aDelhi:
_c2007.
300 _a258p
650 _aHistory
942 _cBK
_2ddc
_h954.02
_iBAR/F
_k954.02
_mBAR/F